Catalog

Record Details

Catalog Search



Rozhovory s Janem Werichem  Cover Image Book Book

Rozhovory s Janem Werichem / Jiří Janoušek ; fot. Jiří Svoboda... [aj.] ; obálka, vazba a graf. úprava Miloslav Fulín

Record details

  • Physical Description: 261 s. : [48] s. fot. ; 19 cm
  • Edition: 2., rozš. vyd.
  • Publisher: Praha : Mladá fronta, 1986

Content descriptions

General Note:
90000 výt.
Biografie J. Wericha
Subject: Werich, Jan, 1905-1980
Genre: rozhovory

Available copies

  • 1 of 1 copy available at Common Catalog SPOK.

Holds

  • 0 current holds with 1 total copy.
Show Only Available Copies
Location Call Number / Copy Notes Barcode Shelving Location Status Due Date
KDS Library 929 JaJ 204576803223 Library Available -

LDR 01130nam a2200337 4500
00122612
003CZ-PrJAB
00520150723122636.0
007tu
008860617s1986 xr u0|0 cze
015 . ‡acnb000014131
020 . ‡q(Váz.) : ‡cKčs 34,00
035 . ‡a(CZ PrNK)ck8603271
035 . ‡a(OCoLC)15192783
040 . ‡aABA001 ‡bcze ‡dABA001
080 . ‡a885.0-83 ‡2undef
080 . ‡a929Werich,J. ‡2undef
1001 . ‡aJanoušek, Jiří, ‡d1943- ‡7jk01051065 ‡4aut
24510. ‡aRozhovory s Janem Werichem / ‡cJiří Janoušek ; fot. Jiří Svoboda... [aj.] ; obálka, vazba a graf. úprava Miloslav Fulín
250 . ‡a2., rozš. vyd.
260 . ‡aPraha : ‡bMladá fronta, ‡c1986 ‡e(Čes. Těšín : ‡fTisk 3)
300 . ‡a261 s. : ‡b[48] s. fot. ; ‡c19 cm
4901 . ‡aKapka ; ‡vSv. 196
500 . ‡a90000 výt.
500 . ‡aBiografie J. Wericha
60017. ‡aWerich, Jan, ‡d1905-1980 ‡7jk01151601 ‡2czenas
655 7. ‡arozhovory ‡7fd133303 ‡2czenas
7001 . ‡aWerich, Jan, ‡d1905-1980 ‡7jk01151601 ‡4aut
830 0. ‡aKapka
910 . ‡aABE463
964 . ‡aWerich, Jan (herec a dramatik čes., 1905-1980) - rozhovory
998 . ‡a000014131
901 . ‡a22612 ‡b ‡c22612 ‡tbiblio

Additional Resources